Zo škôl do praxe

Duálne vzdelávanie schválené parlamentom SR. Princíp duálneho vzdelávania. Dôležitosť prípravy ľudí do praxe. Finančný príspevok pre podniky. Finančná odmena za prácu študentov. Skúsenosti z praxe automobiliek. Príklady zo zahraničia.

Enregistré dans:
Détails bibliographiques
Auteur principal: Petková, Zuzana
Format: Chapitre de livre
Langue:slovaque
Sujets:
Tags: Ajouter un tag
Pas de tags, Soyez le premier à ajouter un tag!

MARC

LEADER 00000naa a2200000 4500
001 0200293
005 20231113103039.3
041 0 |a slo 
044 |a SK 
245 1 0 |a Zo škôl do praxe  |c Zuzana Petková 
520 |a Duálne vzdelávanie schválené parlamentom SR. Princíp duálneho vzdelávania. Dôležitosť prípravy ľudí do praxe. Finančný príspevok pre podniky. Finančná odmena za prácu študentov. Skúsenosti z praxe automobiliek. Príklady zo zahraničia. 
610 2 0 |a vzdelávanie 
610 2 0 |a školy stredné odborné 
610 2 0 |a školy učňovské 
610 2 0 |a prax odborná 
610 2 0 |a študenti 
610 2 0 |a firmy 
100 1 |a Petková, Zuzana